| 000 | 00460nam a2200181Ia 4500 | ||
|---|---|---|---|
| 001 | 8112 | ||
| 005 | 20260306160545.0 | ||
| 008 | 260306t1990||||xx |||||||||||||| ||spa|| | ||
| 041 | _aESP | ||
| 082 |
_a370.11098 _bP26 |
||
| 100 |
_aUNESCO _eAUT |
||
| 245 | 0 | _aParticipación de las organizaciones de docentes en la calidad de educación | |
| 260 | _c1990 | ||
| 300 |
_a93 páginas : _c22 cm. |
||
| 650 | _aGEN | ||
| 654 | _aCED | ||
| 942 |
_cLIB _dJUS _fJUS _2ddc _n |
||
| 999 |
_c8112 _d8112 |
||